000 01617nam0a22003131 4500
001 rc\4585892
005 20260407021516.0
021 _aRU
_b[69-18710]
035 _a(NLR Aleph) 008658984
090 _a9049287
_c9049287
100 _a20130416d1968 |||y0rusy50 ca
101 0 _arus
102 _aRU
105 _ay c |||||
200 1 _aМетодика лечебной физкультуры при последствиях постгриппозных энцефалитов, менингоэнцефалитов и церебральных арахноидитов
_e(Метод. указания для врачей курорта)
_fМ-во здравоохранения РСФСР. Сочин. науч.-исслед. ин-т курортологии и физиотерапии
210 _aСочи
_cБ. и.
_d1968
215 _a19 с.
_d20
300 _aВ конце книги сост.: канд. мед. наук Кузнецов Л.А., Захаров И.Ф., Гусейнов А.Я., Мачильский Ю.И.
606 _aМозг головной
_xБолезни
_xОсложнения и последствия
_xЛечение физкультурой
_2psbo
702 1 _aГусейнов
_bА.Я.
_4220
702 1 _aМачильский
_bЮ.И.
_4220
702 1 _aЗахаров
_bИ.Ф.
_4220
702 1 _aКузнецов
_bЛ.А.
_4220
712 0 2 _aСочинский НИИ курортологии и физиотерапии
_3RU\NLR\AUTH\8810006474
_9510460
801 0 _aRU
_bNLR
_gpsbo
801 1 _aRU
_bELAR
_2rusmarc
852 _aNLR
_j69-4/7624
942 _cBOOK
980 _aNB